Welcome to the Holygrace Academy Library

Please use search bar below to get started

HANNA MONTANA (Record no. 2338)

MARC details
000 -LEADER
fixed length control field 00565nam a22001457a 4500
020 ## - INTERNATIONAL STANDARD BOOK NUMBER
ISBN 978-1-4075-1729-2
082 ## - DEWEY DECIMAL CLASSIFICATION NUMBER
Classification number 823
Item number POR/H
100 ## - MAIN ENTRY--AUTHOR NAME
Personal name PORYES, MICHAEL
245 ## - TITLE STATEMENT
Title HANNA MONTANA
Remainder of title HOLD ON TIGHT
260 ## - PUBLICATION, DISTRIBUTION, ETC. (IMPRINT)
Place of publication UNITED KINGDOM
Name of publisher PARRAGON
300 ## - PHYSICAL DESCRIPTION
Number of Pages 126
520 ## - SUMMARY, ETC.
Summary, etc Hannah Montana is asked to sing the national anthem at an L.A. Lakers game, and as she steps into the spotlight, she suddenly forgets the words! Plus, after Miley convinces her dad to do a concert of his own, will she end up regretting it?
650 ## - SUBJECT ADDED ENTRY--TOPICAL TERM
Topical Term NOVEL
Geographic subdivision UNITED KINGDOM
942 ## - ADDED ENTRY ELEMENTS (KOHA)
Koha item type Books
Holdings
Withdrawn status Lost status Collection code Home library Current library Shelving location Date acquired Source of acquisition Full call number Accession Number Koha item type
    Reference Main Library Main Library SHELF 1-J-ENGLISH NOVELS FOR TEACHERS 12/03/2014 purchase 823 POR/H 07976 Books